Barcelona brutalista y tardomoderna : la construcción de un paisaje a escala metropolitana, 1953-1976 /
Kaydedildi:
| Yazar: | |
|---|---|
| Diğer Yazarlar: | , |
| Materyal Türü: | Kitap |
| Dil: | İspanyolca |
| Baskı/Yayın Bilgisi: |
Barcelona, España :
Ayuntamiento de Barcelona,
2022, c2022
|
| Seri Bilgileri: | (Palabra y Pasaje)
|
| Konular: | |
| Etiketler: |
Etiket eklenmemiş, İlk siz ekleyin!
|
MARC
| LEADER | 00000nam^a2200000^a^4500 | ||
|---|---|---|---|
| 001 | 000627137 | ||
| 005 | 20260203000000.0 | ||
| 009 | 20260310134048.8 | ||
| 020 | |a 978-84-96645-56-1 | ||
| 037 | |a Acervo ITESO - Biblioteca | ||
| 041 | |a ESP | ||
| 082 | |a 720. 9467208 |b SUS | ||
| 100 | |a Sustersic, Paolo |e (autor) | ||
| 245 | 1 | 0 | |a Barcelona brutalista y tardomoderna : |b la construcción de un paisaje a escala metropolitana, 1953-1976 / |c P. Sustersic ; presen. de F. Muñoz ; pról. de J.M. Montaner. |
| 264 | 4 | |a Barcelona, España : |b Ayuntamiento de Barcelona, |c 2022, c2022 | |
| 336 | |a texto |b txt |2 rdacontenido | ||
| 337 | |a sin mediación |b n |2 rdamedio | ||
| 338 | |a volumen |b nc |2 rdasoporte | ||
| 440 | 1 | |a (Palabra y Pasaje) | |
| 521 | |a FIL 2025 DIA | ||
| 649 | |a XX | ||
| 650 | |a Imagen Urbana - |z Barcelona, España | ||
| 650 | |a Arquitectura Brutalista - |z Barcelona, España - |x Historia y Crítica - |x Tema Principal | ||
| 650 | |a Arquitectura Moderna - |z Barcelona, España - |x Historia y Críticai | ||
| 650 | |a Arquitectura Española - |z Barcelona, España - |x Historia y Crítica - |x Tema Principal | ||
| 650 | |a Arquitectura Esañola - |y Siglo XX | ||
| 650 | |a Arte Moderno - |z España - |x Historia y Crítica | ||
| 650 | |a Arte Español - |z Barcelona, España - |x Historia y Crítica | ||
| 650 | |a Arte Español - |y Siglo XX | ||
| 700 | |a Muñoz, Francesc |e (presentación) | ||
| 700 | |a Montaner, Josep Maria |e (prólogo) | ||
| 910 | |a Fondo General | ||
| 920 | |a Impresos - Libros | ||
| 930 | |a Reserva Especial | ||
| 905 | |a 103 | ||
| 901 | |a 627137-10 |b IT1 |c REE |i C192353 |u 20260203 | ||
| 902 | |a https://opac.biblio.iteso.mx/vufind/Record/000627137 | ||